Ecuaciones diferenciales en derivadas parciales /
Guardado en:
| Autor Principal: | |
|---|---|
| Formato: | Libro |
| Idioma: | Spanish Russian |
| Publicado: |
Moscú :
Mir,
c1978.
|
| Etiquetas: |
Agregar Etiqueta
Sin Etiquetas, Sea el primero en etiquetar este registro!
|
| LEADER | 00650nam a22001815a 4500 | ||
|---|---|---|---|
| 001 | MAT.inmabb006700 | ||
| 008 | 120828s1978####ru#######b####000#0#spa#d | ||
| 005 | 20120828170520.0 | ||
| 245 | 1 | 0 | |a Ecuaciones diferenciales en derivadas parciales / |c V. P. Mijailov ; versión en español por K. P. Medkov. |
| 260 | |a Moscú : |b Mir, |c c1978. | ||
| 300 | |a 421 p. ; |c 23 cm. | ||
| 500 | |a Traducido de la edición rusa publicada en 1976. | ||
| 504 | |a Incluye referencias bibliográficas. | ||
| 510 | 4 | |a MR, |c 80b:35002 | |
| 100 | 1 | |a Mikhailov, V. P. |q (Valentin Petrovich) | |
| 084 | |a 35-02 (35-01) |2 msc2000 | ||
| 041 | 1 | |a spa |h rus | |
| 859 | |h 35 |i M636 |p A-5278 |b BIB. MATEMATICA | ||
